| 000 | 00457nam a2200121Ia 4500 | ||
|---|---|---|---|
| 008 | 160523s9999 xx 000 0 und d | ||
| 100 | _aNievergelt, Jurg. | ||
| 245 | _aAlgorithms and Data Structures With Applications to Graphics and Geometry | ||
| 245 | _cJurg Nievergelt. | ||
| 260 | _c2011 | ||
| 650 | _xInformation Technology. | ||
| 856 | _uhttp://www.oercommons.org/courses/algorithms-and-data-structures-with-applications-to-graphics-and-geometry/view | ||
| 999 |
_c294760 _d294760 |
||